000 00490nam a2200181Ia 4500
003 GCL
008 140319s9999 xx 000 0 ara d
040 _aGCL /
_cGCL
082 0 4 _a414
_bق ا
100 1 _aالقزوينى
245 1 0 _aالايضاح فى علوم البلاغة /
_cالقزوينى
700 1 _aالخطيب
260 _a[S.N] :
_bدار الجيل ،
_c1993
490 _a
650 0 4 _aاللغة العربية
650 0 4 _aالبلاغة
942 _2ddc
_cBK
999 _c43932
_d43932